000 00472nmm a2200157Ia 4500
008 251105s9999||||xx |||||||||||||||||und||
020 _a9789587415629
041 _aspa
100 _aCastellano Ramírez, Andres
245 0 _aLogística comercial internacional
264 _a[Bogotá, Colombia] :
_bUniversidad del Norte,
_c2015
300 _a368 páginas
650 _aEconomics and Business
856 _uhttps://public.digitaliapublishing.com/a/37553
942 _cCF
999 _c95946
_d95946